书目信息 |
| 题名: |
新版中日交流标准日本语同步辅导
|
|
| 作者: | 韩小龙 , 董安 编著 | |
| 分册: | 下册 初级 | |
| 出版信息: | 天津 天津大学出版社 2007.09 |
|
| 页数: | 268页 | |
| 开本: | 26cm | |
| 丛书名: | 华章图书日语系列 | |
| 单 册: | ||
| 中图分类: | H36 | |
| 科图分类: | ||
| 主题词: | 日语--ri yu--自学参考资料 | |
| 电子资源: | ||
| ISBN: | 978-7-5618-2536-5 | |
| 000 | 01095nam 2200277 450 | |
| 001 | 012007402327 | |
| 005 | 20071227085149.32 | |
| 010 | @a978-7-5618-2536-5@dCNY22.90 | |
| 100 | @a20071226d2007 km y0chi0120 ea | |
| 101 | 0 | @achi@ajpn |
| 102 | @aCN@b120000 | |
| 105 | @ay z 000yy | |
| 106 | @ar | |
| 200 | 1 | @a新版中日交流标准日本语同步辅导@Axin ban zhong ri jiao liu biao zhun ri ben yu tong bu fu dao@i初级@h下册@f韩小龙, 董安编著@Fhan xiao long,dong an bian zhu |
| 210 | @a天津@c天津大学出版社@d2007.09 | |
| 215 | @a268页@d26cm | |
| 225 | 2 | @a华章图书日语系列@Ahua zhang tu shu ri yu xi lie |
| 330 | @a本书对应《新版中日交流标准日本语》的教材内容,每课均设有五个部分:学习重点提示、重点词语详解、重点语法解说、常用词汇归纳、一课一练。 | |
| 410 | 0 | @12001 @a华章图书日语系列 |
| 517 | 1 | @a中日交流标准日本语同步辅导@Azhong ri jiao liu biao zhun ri ben yu tong bu fu dao |
| 606 | 0 | @a日语@Ari yu@j自学参考资料 |
| 690 | @aH36@v4 | |
| 701 | 0 | @a韩小龙@Ahan xiao long@4编著 |
| 701 | 0 | @a董安@Adong an@4编著 |
| 801 | 0 | @aCN@bQSSK@c20071227 |
| 905 | @b272007-09@dH36@eH103:2@f3 | |
| 新版中日交流标准日本语同步辅导.初级.下册/韩小龙, 董安编著.-天津:天津大学出版社,2007.09 |
| 268页;26cm.-(华章图书日语系列) |
| ISBN 978-7-5618-2536-5:CNY22.90 |
| 本书对应《新版中日交流标准日本语》的教材内容,每课均设有五个部分:学习重点提示、重点词语详解、重点语法解说、常用词汇归纳、一课一练。 |
| ● |
| 相关链接 |
|
|
|
正题名:新版中日交流标准日本语同步辅导
索取号:H36/H103:2
 
预约/预借
| 序号 | 登录号 | 条形码 | 馆藏地/架位号 | 状态 | 备注 |
| 1 | 272007 | 202720074 | 语言库209/209语言库 123排2列2层/ [索取号:H36/H103:2] | 在馆 | |
| 2 | 272008 | 202720083 | 语言库209/ [索取号:H36/H103:2] | 在馆 | |
| 3 | 272009 | 202720092 | 语言库209/209语言库 123排2列2层/ [索取号:H36/H103:2] | 在馆 |